| 000 | 00476cam a2200169ua 4500 | ||
|---|---|---|---|
| 020 | _cRs 1.20 | ||
| 041 |
_aeng _h |
||
| 082 |
_a823.308 _bSMI/GU |
||
| 100 | _aSmith, Egerton . | ||
| 245 |
_aGulliver`s Travels: Abridged and simplified for Indian students / _cEgerton Smith. _hTextual Documents |
||
| 260 |
_aBombay : _bK & J Cooper Educational Publishers , _c1954. |
||
| 300 | _a117 ; . | ||
| 365 | _aRs 1.20 | ||
| 504 | _a | ||
| 942 | _cBK | ||
| 999 |
_c3907 _d3907 |
||